00613nam a2200205Ia 4500008004100000020002000041040001400061082002200075100002400097245003300121260003900154300001100193365002600204366000800230505002900238620005000267630003300317650002400350730003300374100315s9999 xx 000 0 und d a9780078816543  cENGLISH  b7088 a005.133  a"SCHILDT, HERBERT " aC++ : the complete reference aNew York bMCGRAW-HILL  c1991  a594   eRupees d1 b0.00  f0  gRamakant Amar Navghare  a"C++, Computer language, Computer science. " aC++ : the complete reference aComputer Language  aC++ : the complete reference